| 000 | 00393nam a2200169Ia 4500 | ||
|---|---|---|---|
| 003 | OSt | ||
| 005 | 20240120110631.0 | ||
| 008 | 170619s9999 xx 000 0 und d | ||
| 020 | _a9780706998979 | ||
| 040 | _cIIMT ENGINEERING COLLEGE | ||
| 100 | _aPandey- I. M. | ||
| 245 | 0 | _aManagement accounting | |
| 260 | _bNew Delhi Vikas | ||
| 260 | _c2003 | ||
| 546 | _aENGLISH | ||
| 942 |
_2ddc _c02 |
||
| 999 |
_c21944 _d21944 |
||